000 00402nam a2200145Ia 4500
008 230411s9999 xx 000 0 und d
020 _a978-93-85891-25-0
041 _aeng
082 _aMS/610.7361/B08441
100 _aSethi Deepak & Rani Kirti
_9179922
245 _aMedical Surgical Nursing I and II
260 _bJaypee Brothers
_aNew Delhi
_c2016
300 _a952p
999 _c158166
_d158166